[Event "3rd Mersin Open 2018"]
[Site "Mersin"]
[Date "2018.09.12"]
[Round "4.1"]
[White "Tarlev, Konstantin"]
[Black "Iskandarov, Misratdin"]
[Result "0-1"]
[WhiteElo "2564"]
[BlackElo "2482"]
[Annotator "TA"]
[PlyCount "82"]
[EventDate "2018.09.09"]
[EventType "swiss"]
[EventCountry "TUR"]
[SourceTitle "playchess.com"]
[Source "ChessBase"]
[SourceQuality "1"]

{[%evp 9,82,62,62,25,59,59,59,56,71,73,67,51,56,46,52,48,45,56,37,42,41,35,49,0,31,9,19,20,24,20,24,-22,-16,-23,-23,-26,-14,-21,-20,-22,-10,-19,-25,-12,0,0,0,-6,0,-8,0,0,0,0,0,0,0,0,0,0,0,0,0,-106,-90,-92,-87,-222,-212,-767,-762,-29987,-29988,-29985,-1788]} 1. d4 {[%cal Bd2d4,Bd4d5][%mdl 32]} Nf6 2. c4 d6 3. Nc3 e5 4. Nf3 Nc6 5. d5 Ne7 {LiveBook: 107 Games} 6. Bg5 {A54: Old Indian Defence with Nf3, but without e4} (6. g3 g6 7. Bg2 Bg7 8. O-O O-O 9. e4 a5 10. Ne1 Nd7 11. Nd3 f5 12. f4 exf4 13. Bxf4 b6 14. Qd2 Ne5 15. Nxe5 dxe5 16. Bg5 Qd6 17. Nb5 Qc5+ {1-0 (27) Sjugirov,S (2650)-Pridorozhni,A (2565) Sochi 2017}) 6... Nd7 7. e4 h6 $146 ({Predecessor:} 7... g6 8. Be2 Bg7 9. O-O h6 10. Be3 O-O 11. Qd2 Kh7 12. Ne1 f5 13. f4 exf4 14. Bxf4 {½-½ (41) Koch,Y (1970)-Kardoeus,D (2096) Willingen 2015}) 8. Be3 {White is slightly better.} g6 9. Be2 Bg7 10. Nd2 O-O 11. b4 f5 {Threatens to win with ...f4.} 12. f3 a5 13. bxa5 fxe4 14. fxe4 Rxa5 15. Nb3 Ra8 $1 16. Qd2 Kh7 17. c5 Nxc5 18. Nxc5 dxc5 19. Bxc5 Bd7 20. Rf1 (20. Rb1 {seems wilder.} b6 21. Bf2 Nc8 22. O-O Nd6 23. Be3) 20... b6 21. Rxf8 Bxf8 22. Bf2 Ng8 23. Rb1 Nf6 24. Kf1 Ra3 (24... Be7 {keeps more tension.} 25. Bf3 Qf8 26. h3 Bc5 27. Kg1 Kg7) 25. Rb3 Rxb3 26. axb3 Bb4 {Hoping for ...Nxe4!} 27. Qc2 Qa8 28. Nd1 Bd6 29. h3 Qa1 30. Kg1 g5 31. Kh2 Be8 32. Ne3 Bg6 {aiming for ...Qd4.} 33. Bd3 Bc5 34. Nc4 Kg7 35. Bxc5 bxc5 36. Nd2 (36. Nb2 $11 {remains equal.}) 36... Qd4 $17 37. Nf3 Qe3 $36 {[%cal Rg6e4][%mdl 2048] Black has strong initiative.} 38. b4 {[#]} (38. Qc3 $17) 38... g4 $1 $19 {[%cal Rg4f3]} ({Less strong is} 38... Nxe4 39. bxc5 Qxc5 40. Qxc5 $15) (38... Bxe4 39. Bxe4 Nxe4 40. bxc5 $11) 39. hxg4 $2 (39. Qd2 g3+ 40. Kh1 Qxd2 41. Nxd2 cxb4 42. Bb1) 39... Nxg4+ 40. Kg3 {[#]} Qf4+ $1 41. Kh3 {[#]} c4 $1 {[%mdl 512] Precision: White = 40%, Black = 64%.} 0-1

[Event "3rd Mersin Open 2018"]
[Site "Mersin"]
[Date "2018.09.12"]
[Round "4.2"]
[White "Khodashenas, Mersad"]
[Black "Bagaturov, Giorgi"]
[Result "0-1"]
[WhiteElo "2452"]
[BlackElo "2396"]
[Annotator "TA"]
[PlyCount "96"]
[EventDate "2018.09.09"]
[EventType "swiss"]
[EventCountry "TUR"]
[SourceTitle "playchess.com"]
[Source "ChessBase"]
[SourceQuality "1"]

{[%evp 20,96,40,42,54,12,52,0,8,0,0,0,0,0,7,0,0,0,0,0,0,0,8,-10,-18,-47,0,-78,-61,-104,-82,-87,0,0,0,0,0,0,25,0,0,-31,-43,-34,-39,-37,-34,-50,-22,-76,-25,-641,-620,-1512,-1527,-1491,-1465,-1183,-1133,-29976,-29974,-29974,-29963,-6279,-6231,-29968,-29970,-29970,-29972,-29961,-29968,-29968,-751,-29978,-733,-29976,-733,-733,-676]} 1. d4 {[%cal Bd2d4,Bd4d5][%mdl 32]} Nf6 2. c4 g6 3. f3 c5 4. d5 Bg7 5. Nc3 O-O 6. e4 d6 7. Bg5 e6 8. Qd2 exd5 9. Nxd5 Be6 10. Ne2 Bxd5 11. cxd5 b5 {E81: King's Indian: Sämisch: 6th move deviations (including 6 Be3 c6)} 12. h4 (12. Nc3 a6 13. Rc1 Nbd7 14. b3 Qb6 15. Be2 Rfc8 16. O-O Ne8 17. Kh1 Qa5 18. Rc2 Nb6 19. Be3 {0-1 (36) Riazantsev,A (2678)-Morozevich,A (2731) Moscow 2014}) 12... h5 13. Nf4 $146 ({Predecessor:} 13. g4 hxg4 14. h5 gxf3 15. h6 Nxe4 16. hxg7 Kxg7 17. Bxd8 Nxd2 18. Bg5 Nxf1 19. Bh6+ {1-0 (71) Kamble,V (2374)-Suvrajit,S (2392) New Delhi 2010}) 13... Qe8 {The position is equal.} 14. a4 bxa4 15. Ne2 $1 Nbd7 {[%cal Bb8d7,Bd7e5,Be5f7][%mdl 32]} 16. Nc3 Rb8 17. Rxa4 Rb7 18. Be2 Nh7 19. Bf4 Qe7 20. Ra6 Ne5 21. g3 f5 22. O-O fxe4 23. fxe4 (23. Nxe4 $11 {remains equal.} Rxb2 24. Qxb2 Nxf3+ 25. Bxf3 Bxb2 26. Rxd6) 23... Nf7 24. Bf3 Be5 25. Bg2 Bxf4 (25... Nf6 $17) 26. gxf4 $11 Rfb8 {[%cal Bf8b8,Bb8b6,Bb6b3][%mdl 32]} 27. e5 Rxb2 28. Qe1 R2b6 29. Rxb6 Rxb6 30. e6 Nh6 31. Ne4 Nf5 $36 {[%mdl 2048] Threatens to win with ...Nf6. Black has the initiative.} 32. Bh3 {White wants to play Bxf5.} Rb3 ({Reject} 32... Nxh4 $6 33. f5 $16) 33. Bxf5 $1 gxf5 34. Qd1 $1 {[%cal Rd1b3]} Rh3 (34... Qg7+ $17 35. Ng5 Rg3+ 36. Kh2 Rg4) 35. Ng5 $2 {[%mdl 8192] [#]} (35. Rf2 $11 fxe4 36. Rg2+ Kh8 37. Rg6) 35... Rxh4 $19 36. Nxh7 Kxh7 {[%mdl 4096] Endgame KQR-KQR} 37. Rf2 Qg7+ 38. Rg2 Qc3 39. Qe2 Qc1+ 40. Kf2 Rxf4+ 41. Kg3 Rg4+ 42. Kh3 Qh1+ 43. Rh2 Qxd5 44. Rf2 Qh1+ 45. Rh2 Qe4 (45... Qc1 $142 46. Rg2 Qc3+ 47. Kh2 Rh4+ 48. Kg1 Qa1+ 49. Kf2 Qd4+ 50. Qe3 Rf4+ 51. Ke2 Re4 52. Qxe4 Qxe4+ 53. Kf1 Qxe6 54. Rg3 Qc4+ 55. Kg2 Qd4 56. Kh3 c4 57. Kh2 c3 58. Rg2 Qf4+ 59. Kh1 Qe4 60. Kh2 c2 61. Rg1 h4 62. Rc1 Qe2+ 63. Kg1 h3 64. Rxc2 Qxc2 65. Kf1 h2 66. Ke1 h1=Q#) 46. Rf2 Rh4+ 47. Kg3 Qg4+ (47... Qh1 $142 48. Rg2 Rg4+ 49. Qxg4 Qe1+ 50. Kh2 fxg4 51. e7 Qxe7 52. Kh1 Qe4 53. Kh2 {[#]} Qxg2+ $1 {[%mdl 512]} 54. Kxg2 h4 55. Kf2 c4 56. Ke2 g3 57. Kf1 h3 58. Ke2 h2 59. Kf3 h1=Q+ 60. Kxg3 Qe4 61. Kh2 c3 62. Kg3 c2 63. Kf2 c1=Q 64. Kg3 Qg5+ 65. Kh3 Qgh4#) 48. Qxg4 Rxg4+ {Precision: White = 45%, Black = 53%.} 0-1

[Event "3rd Mersin Open 2018"]
[Site "Mersin"]
[Date "2018.09.12"]
[Round "4.3"]
[White "Zeynalli, Rashad"]
[Black "Shishkin, Vadim"]
[Result "0-1"]
[WhiteElo "2318"]
[BlackElo "2443"]
[Annotator "TA"]
[PlyCount "180"]
[EventDate "2018.09.09"]
[EventType "swiss"]
[EventCountry "TUR"]
[SourceTitle "playchess.com"]
[Source "ChessBase"]
[SourceQuality "1"]

{[%evp 22,180,23,0,185,186,176,186,181,171,156,127,192,187,193,190,193,138,138,147,193,194,201,209,204,200,202,181,231,227,227,159,147,151,191,162,171,151,145,133,137,37,45,43,58,0,0,0,0,0,0,-8,0,0,0,0,7,7,7,7,8,8,8,8,33,33,45,45,45,45,45,45,45,45,45,45,45,45,45,45,45,8,8,8,10,10,10,10,33,33,33,33,37,0,10,0,0,0,0,0,8,0,0,0,0,0,0,0,0,0,0,0,0,0,0,0,0,0,0,0,0,0,0,0,0,0,0,0,0,0,0,0,0,0,0,0,0,0,0,0,0,-34,-34,-34,-34,-558,-459,-353,-36,-459,-459,-433,-135,-29972,-29975,-29975,-29976,-29978,-29980,-29982,-29983]} 1. e4 c5 2. Nf3 Nc6 3. d4 cxd4 4. Nxd4 e6 5. Nc3 Qc7 6. Be3 a6 7. Qd2 Nf6 8. O-O-O Be7 {B48: Sicilian: Taimanov: 5 Nc3 Qc7 6 Be3 a6 without Be2} 9. f3 b5 10. g4 {[%cal Bg2g4,Bg4g5][%mdl 32]} Nxd4 11. Bxd4 Bb7 12. Bd3 {LiveBook: 8 Games} Bc5 $146 (12... e5 $11 {and Black stays safe.} 13. Be3 Rc8) ({Predecessor:} 12... O-O 13. g5 Nh5 14. Ne2 b4 15. Kb1 a5 16. Be3 {1-0 (44) Nepomniachtchi,I (2730)-Morozevich,A (2731) Dubai 2014}) 13. Bxc5 $18 Qxc5 14. g5 Nh5 {[#]} 15. Bxb5 $1 {[%mdl 512]} O-O (15... axb5 16. Qxd7+) 16. Be2 Bc6 (16... Qe5 $16 {is a better defense.}) 17. f4 g6 18. Bxh5 gxh5 19. Qd4 ({Better is} 19. a3 $18) 19... Qxd4 $16 20. Rxd4 f6 21. Rg1 Kh8 22. gxf6 Rxf6 23. e5 Rf7 24. Kd2 Rg8 25. Rxg8+ Kxg8 $18 {[%mdl 4096] Endgame KRB-KRN} 26. Ne4 Rg7 27. Nf6+ Kf8 28. Ke3 h4 29. f5 exf5 30. Rxh4 Rg2 31. Kd3 ({Much weaker is} 31. Nxh7+ $6 Kf7 $11) (31. Rxh7 $16 Rxc2 32. a3 (32. Nxd7+ Bxd7 33. Rxd7 Rxb2 $16)) 31... Ke7 32. Rh6 f4 {[%cal Bf5f4,Bf4f3][%mdl 32]} 33. Nh5 ({White should play} 33. Ne4 $14) 33... Rxh2 $11 {aiming for ...Kd8.} 34. Rxh7+ Kd8 35. Nf6 Rg2 36. b4 f3 37. Rf7 f2 38. Ne4 Bxe4+ 39. Kxe4 {With the idea c3. KR-KR} Rg4+ 40. Kd5 {Threatens to win with c4.} Rxb4 41. Rxf2 Rb5+ 42. Kd4 Rb2 43. a3 Ra2 44. Kc5 Kc7 45. Kb4 Rb2+ 46. Ka4 Rb5 47. Re2 Rc5 48. Kb3 Rb5+ 49. Kc4 Ra5 50. Re3 Kc6 51. Kb4 Rb5+ 52. Ka4 Rc5 53. Kb3 Rb5+ 54. Ka2 Rc5 55. Kb2 Rb5+ 56. Kc1 Ra5 57. Kb2 Rb5+ 58. Kc3 Rc5+ 59. Kb3 Rb5+ 60. Ka4 Rc5 61. Kb3 Rb5+ 62. Kc4 Rc5+ 63. Kd3 Kd5 64. Rh3 Ra5 65. Kd2 Kc6 66. Rh6+ Kc7 67. Kd3 Rxa3+ 68. Kd4 Ra2 69. c4 Rd2+ 70. Ke3 Ra2 71. Kd3 Ra1 72. Kc3 Re1 73. Rh5 Kc6 74. Kd2 Re4 75. Kd3 Re1 76. Rh6+ Kc7 77. Kd4 Rd1+ 78. Ke4 Re1+ 79. Kf5 Rf1+ 80. Kg5 Rc1 81. Rh4 a5 {[%cal Ba6a5,Ba5a4,Ba4a3,Ba3a2][%mdl 32]} 82. Kf6 a4 {Hoping for ...a3.} 83. Rh7 $2 {[%mdl 8192]} (83. c5 $1 $15) 83... Rf1+ 84. Kg5 Re1 $2 (84... a3 $19 {( -> ...a2)} 85. Rh2 Ra1) 85. Kf4 $2 {[%mdl 8192] [#]} ({White has to play} 85. Kf5 $15) 85... a3 $1 $19 {[%cal Ra3a2]} 86. Rh2 {intending Ra2.} Ra1 $2 (86... Rc1 $19 {and Black stays clearly on top.} 87. Ke4 Rxc4+ 88. Kd5 Ra4) 87. Ke4 $2 {[%mdl 8192]} (87. Kf5 $17) 87... a2 {Black mates.} 88. Re2 Kc6 89. Ke3 Kc5 90. Kf2 Rh1 {Precision: White = 49%, Black = 67%.} 0-1

[Event "3rd Mersin Open 2018"]
[Site "Mersin"]
[Date "2018.09.12"]
[Round "4.4"]
[White "Odeev, Handszar"]
[Black "Buyukasik, Diyap"]
[Result "1/2-1/2"]
[WhiteElo "2410"]
[BlackElo "2305"]
[Annotator "TA"]
[PlyCount "40"]
[EventDate "2018.09.09"]
[EventType "swiss"]
[EventCountry "TUR"]
[SourceTitle "playchess.com"]
[Source "ChessBase"]
[SourceQuality "1"]

{[%evp 19,20,27,36]} 1. e4 c5 2. Nf3 d6 3. Bb5+ Nd7 4. d4 cxd4 5. Qxd4 a6 6. Bxd7+ Bxd7 7. c4 e5 8. Qd3 h6 9. Nc3 Nf6 10. O-O Be7 {LiveBook: 70 Partien} {Vorgänger:} 11. a4 $146 O-O 12. b3 Be6 13. Be3 Ng4 14. Rfd1 Nxe3 15. Qxe3 Rc8 16. Nxe5 Bg5 17. f4 Bxf4 18. Qxf4 dxe5 19. Rxd8 exf4 20. Rxc8 Rxc8 {½-½ (32) Anand,V (2779)-Topalov,V (2760) Saint Louis 2016} 1/2-1/2

[Event "3rd Mersin Open 2018"]
[Site "Mersin"]
[Date "2018.09.12"]
[Round "4.5"]
[White "Rasulov, Vugar"]
[Black "Zor, Alber Kadir"]
[Result "1-0"]
[WhiteElo "2527"]
[BlackElo "2134"]
[Annotator "TA"]
[PlyCount "105"]
[EventDate "2018.09.09"]
[EventType "swiss"]
[EventCountry "TUR"]
[SourceTitle "playchess.com"]
[Source "ChessBase"]
[SourceQuality "1"]

{[%evp 22,105,-23,-26,0,15,14,11,52,46,66,73,74,77,102,103,103,104,98,100,100,91,76,62,75,43,56,27,102,101,108,121,100,113,147,134,315,243,237,203,212,171,168,137,143,134,134,133,139,135,134,131,122,129,126,118,129,98,99,87,195,163,358,322,895,820,738,707,1641,1624,1521,1342,2441,1952,29982,29983,29986,29987,29987,29988,29989,29988,29986,29966,8502,9519]} 1. d4 d5 2. Nf3 Nf6 3. c4 e6 4. Nc3 Be7 5. e3 O-O 6. Bd3 dxc4 7. Bxc4 c5 8. O-O a6 9. a3 b5 10. Bd3 Bb7 11. dxc5 Bxc5 12. b4 {LiveBook: 7 Games. D37: Queen's Gambit Declined: 5 Bf4} Bxf3 (12... Bd6 13. Bd2 Qe7 14. Qb1 Bxf3 15. gxf3 Nbd7 16. Rd1 Ne5 17. f4 Nxd3 18. Qxd3 Rad8 19. Qf1 e5 20. Qg2 {½-½ (20) Sykora,J (2341)-Stal,O (2386) ICCF email 2016}) 13. gxf3 {[%cal Bg2f3,Bf3f4][%mdl 32]} Bd6 14. f4 {The position is equal.} Qe7 $146 ({Predecessor:} 14... Ra7 15. Bc2 Rd7 16. Qe2 e5 17. f5 Qc7 18. Ne4 Nxe4 19. Bxe4 Qd8 {1-0 (36) Schott,P (1808)-Nagel,V (2007) Germany 2013}) 15. Ne4 Nxe4 16. Bxe4 Ra7 17. Bb2 e5 18. fxe5 Bxe5 {[#]} 19. Bxh7+ $1 {[%mdl 512]} Kxh7 20. Qh5+ Kg8 21. Bxe5 Rd7 22. Rad1 Rfd8 {Hoping for ...Rxd1.} 23. Rxd7 $40 {[%mdl 128] Black needs to defend precisely.} Nxd7 24. Bd4 Nf6 (24... Nf8 $11) 25. Qh4 $16 Qe4 26. Bxf6 Qg6+ 27. Bg5 {aiming for Qg3.} f6 28. Rc1 Rd3 $2 (28... Rd5 $16 29. Rc8+ Kf7 30. Rc7+ Kg8) 29. Kf1 {And now Rc8+ would win.} fxg5 $18 {[%mdl 4096] Endgame KQR-KQR} 30. Qg4 {Rc8+ is the strong threat.} Rd8 31. Kg2 Rf8 32. Rc5 Qf6 33. Qe2 g4 34. Rd5 Qc6 35. e4 Rf3 36. Qd2 Rxa3 37. Qg5 Rf3 38. Qxg4 Rf8 39. h4 {[%cal Bh2h4,Bh4h5,Bh5g6][%mdl 32]} Re8 40. Rd4 Re7 (40... Qf6 $16 {keeps fighting.} 41. Rd7 Qe5) 41. h5 Re8 $2 {[#]} (41... Re5 42. f3 Kh8 43. Rd8+ Re8) 42. Qg6 $1 {[%cal Rg6c6]} Qxg6+ $2 (42... Qe6 43. f3 Qf7) 43. hxg6 {KR-KR} Kf8 {[#]} 44. f4 $1 {[%cal Bf2f4,Bf4f5,Bf5f6][%mdl 32]} Rc8 45. Rd7 Rc4 46. Kf3 Rxb4 47. e5 Rc4 48. f5 Rc5 49. Ke4 Rc1 50. Rf7+ Kg8 51. Ra7 Kf8 52. Ra8+ Ke7 {[#]} 53. f6+ $1 {[%mdl 512] Precision: White = 79%, Black = 29%.} 1-0

[Event "3rd Mersin Open 2018"]
[Site "Mersin"]
[Date "2018.09.12"]
[Round "4.6"]
[White "Annaberdiev, Meilis"]
[Black "Annaberdiyev, Babageldi"]
[Result "1-0"]
[WhiteElo "2514"]
[BlackElo "2214"]
[Annotator "TA"]
[PlyCount "95"]
[EventDate "2018.09.09"]
[EventType "swiss"]
[EventCountry "TUR"]
[SourceTitle "playchess.com"]
[Source "ChessBase"]
[SourceQuality "1"]

{[%evp 13,95,29,36,39,48,32,85,51,60,60,62,62,81,0,113,116,110,118,157,70,71,53,72,19,410,401,381,355,372,242,244,180,185,130,167,161,213,216,209,224,200,198,315,321,321,286,282,267,333,316,627,640,598,627,693,707,720,678,707,640,599,0,692,687,674,599,634,508,537,526,683,652,1068,1035,1026,1016,2815,2057,29991,29992,29992,29993,29994,29995]} 1. d4 d5 2. Bf4 e6 3. e3 Bd6 4. Bg3 f5 (4... Ne7 5. Nf3 c5 6. c3 Nbc6 7. Nbd2 Nf5 8. Bxd6 Qxd6 9. Bd3 Nfe7 10. O-O O-O 11. Re1 h6 12. e4 cxd4 {0-1 (37) Grischuk,A (2781)-Topalov,V (2798) Stavanger 2015}) 5. c4 c6 6. Nc3 {D00: Damenbauernspiele} Nf6 7. Nf3 O-O {LiveBook: 4 Partien} 8. Bd3 {Weiß steht etwas besser.} Bxg3 9. hxg3 Ne4 ({Besser ist} 9... Ng4 $14) 10. Qc2 Nd7 11. g4 fxg4 $146 ({Vorgänger:} 11... Ndf6 12. Ne5 Nxc3 13. bxc3 dxc4 14. Bxc4 Nd5 {1-0 (25) Dao,M (1957)-Vuong,Q (1609) Hanoi 2018}) 12. Bxe4 dxe4 {[#]} 13. Nd2 (13. Ne5 $1 $16) 13... Qf6 (13... e5 $11 {bleibt in der Remisbreite.}) 14. Ndxe4 $16 Qg6 15. O-O-O Nb6 16. Qe2 (16. Ne2 $16) 16... e5 $1 $14 17. dxe5 {Droht f4 und aus.} Bf5 18. Rd6 (18. Ng3 $16) 18... Bxe4 $4 {[%mdl 8192]} (18... Qe8 $11 {und Schwarz muss sich keine Sorgen machen.}) 19. Rxg6 $18 Bxg6 20. Rd1 Rae8 21. Rd2 Bf5 22. c5 Nd7 23. Qc4+ (23. f3 $18) 23... Kh8 $16 24. e6 Bxe6 (24... Ne5 $142 25. Qd4 Rxe6) 25. Qb4 $18 b6 26. cxb6 Nxb6 27. b3 {[%cal Bb2b3,Bb3b4][%mdl 32]} c5 (27... Nd5 {war einen Versuch wert.} 28. Nxd5 cxd5) 28. Qa5 ({Weniger gut wäre} 28. Qxc5 Rc8 $16) 28... Ra8 29. Kd1 ({Schwächer ist} 29. Qxc5 Rac8 $16) 29... c4 30. b4 h6 31. e4 Rfd8 $2 (31... Nd7 32. Rd6 Rfe8) 32. Rxd8+ Rxd8+ 33. Kc2 Rd7 34. Qe5 Bg8 35. a4 Rf7 36. Qd4 Rd7 37. Qe5 Rf7 $1 38. Qc5 Nd7 39. Qxa7 Ne5 40. Qb6 Nd3 41. Nd1 Rf6 42. Qb8 Nxf2 43. e5 Rf5 44. Ne3 Rf4 45. Nd5 {[#] jetzt Se7 und aus.} Re4 46. Ne7 {[%csl Ge7][%cal Rb8g8] Weiß setzt Matt.} Re2+ 47. Kc3 {[%csl Ge7][%cal Rb8g8]} Re3+ 48. Kd2 {Precision: Weiß = 61%, Schwarz = 48%.} 1-0

[Event "3rd Mersin Open 2018"]
[Site "Mersin"]
[Date "2018.09.12"]
[Round "4.7"]
[White "Kazimova, Narmin"]
[Black "Koksal, Ege"]
[Result "1/2-1/2"]
[WhiteElo "2264"]
[BlackElo "2367"]
[Annotator "ChessBase"]
[PlyCount "147"]
[EventDate "2018.09.09"]
[EventType "swiss"]
[EventCountry "TUR"]
[SourceTitle "playchess.com"]
[Source "ChessBase"]
[SourceQuality "1"]
[TimeControl "5400+30"]

1. c4 e5 2. Nc3 Nf6 3. Nf3 Nc6 4. e4 Bb4 5. d3 O-O 6. Be2 h6 7. O-O d6 8. a3 Bc5 9. b4 Bb6 10. Bd2 Bg4 11. Na4 Bxf3 12. Bxf3 Bd4 13. Rc1 Qd7 14. g3 a5 15. b5 Nd8 16. Bg2 Ne6 17. Kh1 Nc5 18. Bc3 Bxc3 19. Nxc3 Ne6 20. f4 c6 21. a4 Nd4 22. h3 Qe7 23. Kh2 Nd7 24. f5 Rfc8 25. Rb1 Kf8 26. Rb2 Ke8 27. h4 Kd8 28. Bh3 Rcb8 29. Kg2 Kc7 30. Qd2 f6 31. Rfb1 Nc5 32. Bg4 Qd7 33. Bd1 Rg8 34. h5 Kd8 35. Ne2 Nxe2 36. Qxe2 Ke7 37. Qe3 Rge8 38. Kh2 Kf8 39. Kg2 Qe7 40. Rc1 Rad8 41. Kh2 Rc8 42. Rcb1 Red8 43. bxc6 bxc6 44. Qd2 Ra8 45. Rb6 Qc7 46. Bc2 Ra6 47. R6b2 Raa8 48. Kh3 Ra7 49. Qc3 Na6 50. d4 Nb4 51. dxe5 dxe5 52. c5 Qf7 53. Qf3 Rad7 54. Bb3 Qe8 55. Be6 Rd3 56. Qg4 Re3 57. Rxb4 axb4 58. Rxb4 Rdd3 59. Kh4 Rxg3 60. Qxg3 Rxg3 61. Kxg3 Qxh5 62. Rb8+ Ke7 63. Rb7+ Kd8 64. Rd7+ Kc8 65. Rxg7+ Kb8 66. Bc4 Qd1 67. Rg8+ Ka7 68. Rg7+ Kb8 69. Rg8+ Kc7 70. Rg7+ Kd8 71. Rg8+ Ke7 72. Rg7+ Kf8 73. Rg8+ Ke7 74. Rg7+ 1/2-1/2

[Event "3rd Mersin Open 2018"]
[Site "Mersin"]
[Date "2018.09.12"]
[Round "4.8"]
[White "Gulsoy, Mustafa Alpago"]
[Black "Gasimov, Parviz"]
[Result "0-1"]
[WhiteElo "2061"]
[BlackElo "2341"]
[Annotator "ChessBase"]
[PlyCount "48"]
[EventDate "2018.09.09"]
[EventType "swiss"]
[EventCountry "TUR"]
[SourceTitle "playchess.com"]
[Source "ChessBase"]
[SourceQuality "1"]
[TimeControl "5400+30"]

1. e4 {[%emt 0:00:30]} e6 {[%emt 0:00:30]} 2. d4 {[%emt 0:00:00]} d5 {[%emt 0:00:30]} 3. e5 {[%emt 0:00:00]} c5 {[%emt 0:00:00]} 4. c3 {[%emt 0:00:00]} Nc6 {[%emt 0:00:00]} 5. Nf3 {[%emt 0:00:00]} Bd7 {[%emt 0:00:30]} 6. Na3 {[%emt 0:02:30]} cxd4 {[%emt 0:08:30]} 7. cxd4 {[%emt 0:00:00]} Bxa3 {[%emt 0:02:30]} 8. bxa3 {[%emt 0:00:00]} Qa5+ {[%emt 0:00:00]} 9. Qd2 {[%emt 0:00:30]} Nge7 {[%emt 0:05:00]} 10. Rb1 {[%emt 0:02:30]} b6 {[%emt 0:08:30]} 11. Bd3 {[%emt 0:02:30]} Nf5 {[%emt 0:16:30]} 12. Bxf5 {[%emt 0:03:30]} exf5 {[%emt 0:00:30]} 13. O-O {[%emt 0:00:30]} Qa6 {[%emt 0:06:30]} 14. Qg5 {[%emt 0:02:30]} O-O {[%emt 0:04:30]} 15. Qg3 {[%emt 0:05:30]} Kh8 {[%emt 0:05:30]} 16. Bf4 {[%emt 0:01:30]} Nd8 {[%emt 0:03:30]} 17. Ng5 {[%emt 0:03:30]} h6 {[%emt 0:11:30]} 18. Qh4 {[%emt 0:02:30]} Kg8 {[%emt 0:05:11]} 19. Rb3 {[%emt 0:02:30]} hxg5 {[%emt 0:12:55]} 20. Bxg5 {[%emt 0:00:30]} f4 {[%emt 0:00:01]} 21. g4 {[%emt 0:02:30]} Qe2 {[%emt 0:01:01]} 22. Bxf4 {[%emt 0:19:30]} Qxg4+ {[%emt 0:00:45]} 23. Qxg4 {[%emt 0:00:30]} Bxg4 {[%emt 0:00:16]} 24. Rg3 {[%emt 0:00:00]} Bf5 {[%emt 0:00:24]} 0-1

[Event "3rd Mersin Open 2018"]
[Site "Mersin"]
[Date "2018.09.12"]
[Round "4.9"]
[White "Olcum, Ahmet"]
[Black "Bacak, Muhammed Kaan"]
[Result "1/2-1/2"]
[WhiteElo "2302"]
[BlackElo "2126"]
[Annotator "ChessBase"]
[PlyCount "184"]
[EventDate "2018.09.09"]
[EventType "swiss"]
[EventCountry "TUR"]
[SourceTitle "playchess.com"]
[Source "ChessBase"]
[SourceQuality "1"]
[TimeControl "5400+30"]

1. d4 c5 2. d5 e6 3. Nc3 d6 4. e4 a6 5. a4 Nf6 6. Bc4 exd5 7. Nxd5 Nxd5 8. Bxd5 Be7 9. Nf3 O-O 10. O-O Nd7 11. Bb3 Qc7 12. Qe2 b6 13. Bf4 Ne5 14. Bd5 Rb8 15. Rfd1 Bf6 16. Bxe5 dxe5 17. Nd2 b5 18. axb5 axb5 19. c4 Bd7 20. Ra2 bxc4 21. Rda1 Qc8 22. h3 Be6 23. Nxc4 Bxd5 24. exd5 Qf5 25. Ne3 Qe4 26. Ra4 Rb4 27. Rxb4 cxb4 28. Qb5 Rd8 29. Qc6 h5 30. Ra8 Rxa8 31. Qxa8+ Kh7 32. Qa2 Bg5 33. Qb3 Kg6 34. d6 Bxe3 35. fxe3 Kf6 36. Kh2 h4 37. Qd1 Qa8 38. Qg4 Qb7 39. Qc4 Qd7 40. Qxh4+ Ke6 41. Qxb4 Qa7 42. Qd2 Qd7 43. Kg3 f5 44. h4 g6 45. Kf2 Qa4 46. g3 Kd7 47. Qc3 Qd1 48. Qc7+ Ke6 49. Qe7+ Kd5 50. Qf7+ Kc6 51. Qc7+ Kd5 52. Qa5+ Ke6 53. Qa6 Qd2+ 54. Qe2 Qxd6 55. g4 Qc6 56. gxf5+ gxf5 57. b3 Qh1 58. h5 e4 59. Qa6+ Ke5 60. Qa5+ Ke6 61. Qb6+ Ke5 62. Qc7+ Ke6 63. Qc6+ Ke5 64. Qe8+ Kf6 65. Qg6+ Ke5 66. Qg3+ Ke6 67. Qg5 Qh2+ 68. Ke1 Qc2 69. Qg6+ Ke5 70. Qg3+ Ke6 71. Qg8+ Kf6 72. Qc4 Qb1+ 73. Kd2 Kg5 74. Qc2 Qf1 75. Qd1 Qd3+ 76. Kc1 Qc3+ 77. Qc2 Qa1+ 78. Kd2 Qf1 79. Kc3 Kxh5 80. Kd4 Kg4 81. b4 Kf3 82. Qc5 Qd3+ 83. Ke5 f4 84. b5 Qxe3 85. Qc6 Ke2 86. b6 f3 87. Qb5+ Ke1 88. Qb1+ Ke2 89. b7 f2 90. b8=Q Qg3+ 91. Kxe4 Qg6+ 92. Kd4 Qxb1 1/2-1/2

[Event "3rd Mersin Open 2018"]
[Site "Mersin"]
[Date "2018.09.12"]
[Round "4.10"]
[White "Ersahin, Bulent"]
[Black "Guven, Oguz Kagan"]
[Result "1-0"]
[WhiteElo "2191"]
[BlackElo "2022"]
[Annotator "ChessBase"]
[PlyCount "147"]
[EventDate "2018.09.09"]
[EventType "swiss"]
[EventCountry "TUR"]
[SourceTitle "playchess.com"]
[Source "ChessBase"]
[SourceQuality "1"]
[TimeControl "5400+30"]

1. Nf3 Nf6 2. g3 b5 3. Bg2 Bb7 4. O-O e6 5. d3 d6 6. e4 Nbd7 7. Nbd2 Be7 8. a4 a6 9. Nb3 c5 10. Bd2 b4 11. a5 O-O 12. Re1 Qc7 13. Bf4 e5 14. Bg5 c4 15. Nbd2 cxd3 16. cxd3 Nc5 17. Nc4 h6 18. Bxf6 Bxf6 19. Rc1 Rad8 20. Nb6 Qe7 21. Qc2 Qe6 22. Nd2 Bg5 23. Rcd1 Bxd2 24. Qxd2 Qb3 25. d4 exd4 26. Qxd4 Rfe8 27. Rd2 Ne6 28. Qc4 Nc5 29. Qd4 Ne6 30. Qe3 Nc5 31. f3 Qxe3+ 32. Rxe3 d5 33. Rc2 d4 34. Re1 Nb3 35. Rc4 Nxa5 36. Rxb4 d3 37. Rd1 Re6 38. Na4 Rc6 39. Nc3 Rc4 40. Rb6 Rc6 41. Rxc6 Nxc6 42. Nd5 Ne5 43. f4 Nc4 44. b3 Bxd5 45. exd5 Na5 46. Rxd3 Rd6 47. b4 Nc6 48. Rb3 Nd4 49. Rb2 Rb6 50. Kf2 Kf8 51. Ke3 Rxb4 52. Rxb4 Nc2+ 53. Kd3 Nxb4+ 54. Kc4 Nc2 55. Kc5 Ke7 56. d6+ Kd7 57. Bc6+ Kd8 58. Bd5 f6 59. h4 Ne3 60. Be4 a5 61. Kd4 Nf1 62. g4 Nd2 63. Bc6 g5 64. fxg5 fxg5 65. h5 Nf1 66. Ke4 Nd2+ 67. Kf5 Nc4 68. Kg6 Ne5+ 69. Kxh6 Nxc6 70. Kg7 a4 71. h6 Nd4 72. h7 Kd7 73. h8=Q Kxd6 74. Qa8 1-0